Fr. Conceicao Rodrigues College of Engineering

Quantitative Approaches to management (Record no. 22743)

MARC details
000 -LEADER
fixed length control field 00280nam a2200133Ia 4500
082 ## - DEWEY DECIMAL CLASSIFICATION NUMBER
Classification number 658
100 ## - MAIN ENTRY--PERSONAL NAME
Personal name Levin/R.I
245 ## - TITLE STATEMENT
Title Quantitative Approaches to management
260 ## - PUBLICATION, DISTRIBUTION, ETC.
Name of publisher, distributor, etc. McGraw Hill
Date of publication, distribution, etc. 1971
300 ## - PHYSICAL DESCRIPTION
Extent 461
546 ## - LANGUAGE NOTE
Language note ENGLISH
654 ## - SUBJECT ADDED ENTRY--FACETED TOPICAL TERMS
Focus term Management
942 ## - ADDED ENTRY ELEMENTS (KOHA)
Koha item type BOOK
Holdings
Withdrawn status Lost status Damaged status Not for loan Collection Home library Current library Date acquired Cost, normal purchase price Total Checkouts Full call number Barcode Date last seen Cost, replacement price Price effective from Koha item type
        AFT Fr. Agnel's C.Rodrigues College of Engineering Fr. Agnel's C.Rodrigues College of Engineering 17/03/2023 36.00   658 AFT1203 17/03/2023 36.00 17/03/2023 BOOK